Enciclopedia de las supersticiones / (Registro nro. 11418)

Detalles MARC
000 -LIDER
fixed length control field 00783nam a22002657a 4500
001 - NÚMERO DE CONTROL
Identificador de número de control 000506
003 - IDENTIFICACDOR DE NÚMERO DE CONTROL
control field DO-SdBNP
005 - DATE AND TIME OF LATEST TRANSACTION
control field 20220608083810.0
007 - CAMPOS FIJOS DE DESCRIPCIÓN FÍSICA
fixed length control field 000506
008 - ELEMENTOS DE LONGITUD FIJA
fixed length control field 160916b2009 mx a |||| 00| 0 spa d
020 ## - ISBN
International Standard Book Number 9786071101273
040 ## - FUENTE DE CATALOGACIÓN
Agencia que crea de manera original el registro BPMSU
Idioma de catalogación spa
Agencia que realiza la transcripción BPMSU
082 ## - NÚMERO DE CLASIFICACIÓN DECIMAL DE DEWEY
Classification number R398.4103
Item number W377e 2009
Edition number 22
100 1# - ASIENTO PRINCIPAL -- NOMBRE PERSONAL
Nombre personal Webster, Richard
245 10 - MENCIÓN DE TITULO
Título Enciclopedia de las supersticiones /
Mención de responsabilidad Richard Webster.
260 ## - PUBLICACIÓN, DISTRIBUCIÓN, ETC. (PIE DE IMPRENTA)
Lugar de publicación, distribución, etc México :
Nombre del editor, distribuidor, etc. Alamah,
Fecha de publicación, distribución, etc 2009.
300 ## - DESCRIPCIÓN FÍSICA
Extensión 364 p. :
Otros detalles físicos il. ;
Dimensiones 23 cm.
500 ## - NOTA GENERAL
Nota general Titulo original:
504 ## - NOTA DE BIBLIOGRAFÍA, ETC.
Bibliography, etc Bibliografía : p. 359-364
534 ## - NOTA SOBRE LA VERSIÓN ORIGINAL
Asiento principal del original Título original :.
Mención del título original The e ncyclopedia of superstitions.
590 ## - NOTA LOCAL
Enlace Inventariado, 2022/VM
650 #4 - ENCABEZAMIENTO DE MATERIA--TEMÁTICO
Término temático o nombre geográfico como elemento de entrada Superstición
Subdivisión de forma Enciclopedias
Subdivisión geográfica España.
910 ## - VALIDACIÓN
Validación VMateo V.
942 ## - ADDED ENTRY ELEMENTS (KOHA)
Source of classification or shelving scheme Dewey Decimal Classification
Koha item type Libros
Existencias
Withdrawn status Lost status Source of classification or shelving scheme Damaged status Not for loan Home library Current library Date acquired Source of acquisition Full call number Barcode Date last seen Copy number Price effective from Koha item type
    Dewey Decimal Classification     Biblioteca Pública Metropolitana Salomé Ureña Biblioteca Pública Metropolitana Salomé Ureña 09/16/2016 Alfaguara BPMSU CGR R398.4103 W377e 2009 BPMSU16090355 09/16/2016 e.3 09/16/2016 Libros
    Dewey Decimal Classification     Biblioteca Pública Metropolitana Salomé Ureña Biblioteca Pública Metropolitana Salomé Ureña 09/16/2016 Alfaguara BPMSU CGR R398.4103 W377e 2009 BPMSU16090356 09/16/2016 e.2 09/16/2016 Libros
    Dewey Decimal Classification     Biblioteca Pública Metropolitana Salomé Ureña Biblioteca Pública Metropolitana Salomé Ureña 09/16/2016 Alfaguara BPMSU CGR R398.4103 W377e 2009 BPMSU16090357 09/16/2016   09/16/2016 Libros